| 000 | 00722nam a22003017a 4500 | ||
|---|---|---|---|
| 005 | 20251024185812.0 | ||
| 008 | 170821b2015 xxu||||| |||| 00| 0 spa d | ||
| 020 | _a9788437634272 | ||
| 041 | _aESP | ||
| 041 | _aCHI | ||
| 082 | _a495.15 P739g | ||
| 100 |
_aPo-Ching, Yip _943837 |
||
| 100 |
_aRimmington, Don _943838 |
||
| 245 | _aGramática de la lengua china | ||
| 260 | _aEspaña | ||
| 260 | _bEdiciones Cátedra | ||
| 260 | _c2015 | ||
| 300 | _a438 páginas | ||
| 490 | _aTemática General | ||
| 650 | _aLENGUA CHINA | ||
| 650 | _aGRAMÁTICA | ||
| 650 | _aENSEÑANZA | ||
| 650 | _aFRASES NOMINALES | ||
| 650 | _aFRASES VERBALES | ||
| 650 | _aORACIONES | ||
| 942 |
_cBK _2ddc |
||
| 999 |
_c9753 _d9753 |
||